000 01065nam a2200265 i 4500
001 22885
003 ES-MaACL
005 20230906152755.0
007 t|
008 021205s1858 sp ||||1| spa d
080 _a339.727.2(460:72)
245 0 3 _aLa Convención Española :
_bcontestación a la memoria que sobre ella formó Don Manuel Payno en 14 de agosto último, y ha publicado en el mes de octubre próximo pasado /
_c[José M. de Bassoco, Ignacio Jainaga, Casimiro del Collado, Francisco Almirante].
260 _aValencia :
_b[s.n.],
_c1858 (
_fImp. de la Regeneración Tipográfica)
300 _a136 p. ;
_c20 cm.
594 _aAutores (p. 89): José M. de Bassoco ... [et. al.]
650 4 _aPréstamos españoles-
_zMéxico.
_9149474
700 1 _aBassoco, José M. de.
_926326
700 1 _aJainaga, Ignacio.
_965937
700 1 _aCollado, Casimiro del.
_939651
700 1 _aAlmirante, Francisco.
_920153
700 1 _aPayno, Manuel.
_989732
852 4 _aES-MaACL
_jT-1-F-7
852 4 _aES-MaACL
_jT-56-F-8
852 4 _aES-MaACL
_jT-106-F-15
999 _c22885
_d22885